000 00433nam a2200157Ia 4500
003 GCL
005 20240530101925.0
008 140319s9999 xx 000 0 ara d
040 _aGCL /
_cGCL
082 0 4 _a320.901
_bب ف
100 1 _4باول جون
245 1 0 _aالفكر السياسى الغربى
260 _a[S.N] :
_bالهيئة المصرية العامة للكتاب ،
_c1985
300 _a485
942 _2ddc
_cBK
999 _c28751
_d28751